[Event "54th Rubinstein Memorial-A 2018"]
[Site "Polanica-Zdroj"]
[Date "2018.08.20"]
[Round "3"]
[White "Rosicki, Marcin"]
[Black "Piliczewski, Bogusz"]
[Result "1-0"]
[WhiteElo "2002"]
[BlackElo "2112"]
[Annotator "NA"]
[PlyCount "77"]
[EventDate "2018.08.18"]
[EventType "swiss"]
[EventCountry "POL"]
[SourceTitle "playchess.com"]
[Source "ChessBase"]
[SourceQuality "1"]
[TimeControl "40/5400+30:1800+30"]

1. e4 {[%emt 0:00:00]} e6 {[%emt 0:00:00]} 2. Nf3 {[%emt 0:00:00]} d5 {[%emt 0:00:00]} 3. Nc3 {[%emt 0:00:00]} dxe4 {[%emt 0:00:27]} 4. Nxe4 {[%emt 0:00:00]} Nd7 {[%emt 0:00:07]} 5. d4 {[%emt 0:00:10]} Ngf6 {[%emt 0:00:08]} 6. Nxf6+ {[%emt 0:00:05]} Nxf6 {[%emt 0:00:11]} 7. Bd3 {[%emt 0:00:03]} c5 {[%emt 0:00:21]} 8. Be3 {[%emt 0:02:38]} Nd5 {[%emt 0:06:20]} 9. Bg5 {[%emt 0:07:56]} Qb6 {[%emt 0:05:50]} 10. O-O {[%emt 0:01:05]} Bd6 {[%emt 0:05:28]} 11. Ne5 {[%emt 0:16:12]} O-O {[%emt 0:09:14]} 12. Nc4 {[%emt 0:02:34]} Qc7 {[%emt 0:00:40]} 13. Nxd6 {[%emt 0:00:07]} Qxd6 {[%emt 0:00:06]} 14. dxc5 {[%emt 0:00:05]} Qxc5 {[%emt 0:00:56]} 15. Qh5 {[%emt 0:00:15]} f5 {[%emt 0:06:23]} 16. Rfe1 {[%emt 0:16:32]} Nf6 {[%emt 0:18:39]} 17. Qh4 {[%emt 0:04:21]} Kh8 {[%emt 0:05:06]} 18. Be3 {[%emt 0:08:36]} Qc7 {[%emt 0:02:23]} 19. Bd4 {[%emt 0:00:31]} h6 {[%emt 0:06:16]} 20. Rad1 {[%emt 0:07:21]} Bd7 {[%emt 0:01:47]} 21. Be5 {[%emt 0:10:54]} Qc6 {[%emt 0:01:18]} 22. Be2 {[%emt 0:04:18]} Rad8 {[%emt 0:05:15]} 23. Bd6 {[%emt 0:06:03]} Rfe8 {[%emt 0:02:24]} 24. Bh5 {[%emt 0:00:24]} Nxh5 {[%emt 0:00:23]} 25. Qxh5 {[%emt 0:00:05]} Qc4 {[%emt 0:12:08]} 26. Be5 {[%emt 0:01:01]} Qg4 {[%emt 0:02:08]} 27. Qxg4 {[%emt 0:00:33]} fxg4 {[%emt 0:00:08]} 28. Bc7 {[%emt 0:00:03]} Rc8 {[%emt 0:04:37]} 29. Rxd7 {[%emt 0:00:05]} e5 {[%emt 0:00:17]} 30. Bxe5 {[%emt 0:00:54]} Kg8 {[%emt 0:00:52]} 31. Rxg7+ {[%emt 0:00:54]} Kf8 {[%emt 0:00:06]} 32. Rxb7 {[%emt 0:00:12]} Rcd8 {[%emt 0:01:38]} 33. Bg7+ {[%emt 0:00:07]} Kg8 {[%emt 0:00:05]} 34. Rxe8+ {[%emt 0:00:05]} Rxe8 {[%emt 0:00:09]} 35. g3 {[%emt 0:00:24]} Re2 {[%emt 0:00:57]} 36. Rxa7 {[%emt 0:00:38]} Rxc2 {[%emt 0:00:09]} 37. Bc3 {[%emt 0:00:15]} h5 {[%emt 0:00:31]} 38. a4 {[%emt 0:00:06]} h4 {[%emt 0:00:37]} 39. gxh4 {[%emt 0:00:09]} 1-0

[Event "54th Rubinstein Memorial-A 2018"]
[Site "Polanica-Zdroj"]
[Date "2018.08.21"]
[Round "4"]
[White "Stachowiak, Kamil"]
[Black "Rosicki, Marcin"]
[Result "1/2-1/2"]
[WhiteElo "2447"]
[BlackElo "2002"]
[Annotator "TA"]
[PlyCount "116"]
[EventDate "2018.08.18"]
[EventType "swiss"]
[EventCountry "POL"]
[SourceTitle "playchess.com"]
[Source "ChessBase"]
[SourceQuality "1"]

{[%evp 14,116,8,-25,38,26,56,42,45,48,50,45,53,36,57,57,51,49,59,47,51,28,50,35,56,58,70,65,47,64,80,1,0,0,0,-11,0,0,29,46,203,211,272,197,182,161,250,248,232,242,246,213,294,286,281,281,274,250,244,224,256,247,272,166,165,155,184,45,56,69,56,56,62,5,20,14,8,12,30,0,0,0,0,0,0,0,0,0,206,0,0,0,0,0,0,0,0,0,0,0,0,0,0,0,0]} 1. c4 Nf6 2. Nf3 g6 3. g3 Bg7 4. Bg2 O-O 5. Nc3 d6 6. O-O Nc6 7. Rb1 a6 {A16: English Opening: 1...Nf6 with ...d5} (7... e5 8. b4 Be6 9. d3 h6 10. b5 Ne7 11. a4 Qd7 12. Ba3 Rfe8 13. Nd2 Rab8 14. a5 b6 15. Nde4 Nh7 16. axb6 axb6 17. Bb2 f5 18. Nd2 Nf6 19. Ra1 d5 20. cxd5 Nexd5 21. Nxd5 Bxd5 22. Bxd5+ Qxd5 {1-0 (74) Nepomniachtchi,I (2705)-Nakamura,H (2816) Baku 2015}) 8. b4 {LiveBook: 4 Games} Ng4 $146 (8... d5 $11) ({Predecessor:} 8... d5 9. cxd5 Nxd5 10. Nxd5 Qxd5 11. a3 Qa2 12. Rb3 Be6 13. Re3 Rad8 14. Ng5 Bd5 15. Bxd5 Qxd5 {0-1 (37) Sharafiev,A (2432)-Iljiushenok,I (2519) Sochi 2017}) 9. Qc2 Nge5 {White has an edge.} 10. Nxe5 Nxe5 11. d3 Rb8 12. a4 Bd7 13. h3 Bc6 14. e4 b6 15. f4 Nd7 16. Be3 Bb7 17. Rb3 f5 18. d4 fxe4 19. Nxe4 Nf6 20. Ng5 Bxg2 21. Kxg2 Qd7 22. Rbb1 ({Better is} 22. f5 $16) 22... Qc6+ $11 23. Kh2 {Threatens to win with d5.} b5 24. axb5 axb5 25. c5 $36 {[%mdl 2048] White has the initiative.} d5 26. f5 h6 $2 (26... Ne4 $1 $14) 27. Ne6 $18 Rfe8 28. Nxg7 Kxg7 29. fxg6 Ne4 (29... Ra8 {was called for.} 30. Bf4 Ne4 31. Be5+ Kxg6) 30. Rf7+ Kxg6 31. Rbf1 Qe6 32. R7f4 Kg7 33. Rh4 Rh8 34. Bf4 Rbf8 35. Qe2 Ng5 36. Be5+ Kh7 {[#]} 37. Rff4 $1 {Hoping for Qd3+.} Rhg8 38. Qf1 Rxf4 39. Rxf4 ({Of course not} 39. gxf4 $6 Ne4 $11) 39... Ra8 40. h4 ({Worse is} 40. Bxc7 Ra2+ 41. Kh1 Rb2 $11) (40. Rf2 $18 Kg8 41. Bxc7) 40... Ra2+ $14 41. Kh1 Qh3+ 42. Qxh3 Nxh3 {[%mdl 4096] Endgame KRB-KRN} 43. Rf7+ (43. Rf8 $14 Nf2+ 44. Kg1) 43... Kg6 $1 $11 {[%cal Rg6f7]} 44. Rxe7 c6 $1 45. Re6+ Kf5 46. Rxc6 Nf2+ 47. Kg1 Ng4 $1 48. Rc8 Ra1+ 49. Kg2 {[#] Black must now prevent Rf8+.} Ra2+ 50. Kf1 {Strongly threatening Rf8+.} Ne3+ $2 (50... Ke4 $11 {and Black is okay.}) 51. Ke1 $2 ({White must play} 51. Kg1 $18) 51... Ke4 {The position is equal.} 52. Bf4 $1 Ng2+ 53. Kf1 Kf3 $1 {( -> ...Ra1+)} 54. Kg1 {Bd6 is the strong threat.} Nxf4 55. gxf4 Ra1+ 56. Kh2 Ra2+ 57. Kh3 Ra1 {[%cal Ra1h1]} 58. Kh2 Ra2+ {Precision: White = 53%, Black = 60%.} 1/2-1/2

[Event "54th Rubinstein Memorial-A 2018"]
[Site "Polanica-Zdroj"]
[Date "2018.08.21"]
[Round "4"]
[White "Manik, Mikulas"]
[Black "Sanz Wawer, Daniel"]
[Result "1/2-1/2"]
[WhiteElo "2408"]
[BlackElo "2180"]
[Annotator "TA"]
[PlyCount "61"]
[EventDate "2018.08.18"]
[EventType "swiss"]
[EventCountry "POL"]
[SourceTitle "playchess.com"]
[Source "ChessBase"]
[SourceQuality "1"]

{[%evp 16,61,0,0,22,2,10,13,41,37,62,56,70,33,56,47,63,43,75,51,41,0,9,2,39,28,29,-27,-15,-23,-18,-13,34,35,42,16,25,33,29,0,0,0,0,0,0,-37,0,0]} 1. e4 {[%cal Be2e4,Be4e5][%mdl 32]} c6 2. d4 d5 3. e5 c5 4. dxc5 e6 5. a3 (5. Nf3 Bxc5 6. Bd3 Ne7 7. O-O Ng6 8. a3 O-O 9. Nbd2 Nc6 10. b4 Bb6 11. Bb2 Nf4 12. Nb3 a5 13. Qd2 Nxd3 14. cxd3 {½-½ (38) Vitiugov,N (2735)-Anand,V (2776) Karlsruhe/Baden-Baden 2018}) 5... Bxc5 6. b4 {B12: Caro-Kann: Advance Variation} Be7 7. Nf3 a5 8. b5 Nd7 9. Bd3 {LiveBook: 3 Games} Qc7 10. Bb2 Nh6 11. O-O Nc5 $146 ({Predecessor:} 11... b6 12. Nbd2 Nc5 {1-0 (28) Agopov,M (2431)-Jarvenpaa,J (2285) Helsinki 2014}) 12. a4 Bd7 13. Nbd2 Rc8 14. Be2 Nf5 15. c4 O-O 16. Rc1 Qb8 17. cxd5 exd5 18. Re1 Rfd8 19. Bf1 Ne4 {[#] ...Nxf2! is the strong threat.} 20. Rxc8 Qxc8 21. Qb3 ({Reject} 21. Nxe4 dxe4 22. Nd4 Nxd4 $15) ({White should play} 21. Qa1) 21... Be6 $11 22. Qd3 Nc5 23. Qc2 Nh4 24. Nxh4 Bxh4 25. Nf3 Bf5 26. Qd1 (26. Qc3 {keeps more tension.} Be7 27. Ra1 b6 28. Nd4 Re8 29. Be2) 26... Be7 27. Bd4 Qe6 28. Bxc5 Bxc5 29. Bd3 b6 30. Qc2 Bxd3 31. Qxd3 {Precision: White = 48%, Black = 19%.} 1/2-1/2

[Event "54th Rubinstein Memorial-A 2018"]
[Site "Polanica-Zdroj"]
[Date "2018.08.21"]
[Round "4"]
[White "Nurkiewicz, Maciej"]
[Black "Psyk, Radoslaw"]
[Result "1-0"]
[WhiteElo "2371"]
[BlackElo "2304"]
[Annotator "TA"]
[PlyCount "111"]
[EventDate "2018.08.18"]
[EventType "swiss"]
[EventCountry "POL"]
[SourceTitle "playchess.com"]
[Source "ChessBase"]
[SourceQuality "1"]

{[%evp 33,111,0,0,0,21,1,0,0,0,0,0,-1,0,0,0,0,0,0,38,-4,0,-17,0,0,6,-61,146,114,114,100,244,161,155,146,333,251,215,243,397,435,429,418,429,413,429,435,417,425,469,379,364,246,233,177,183,169,178,182,178,139,315,295,315,300,308,297,301,293,421,310,1515,1354,1683,1544,1616,1702,1529,1448,1358,1192]} 1. e4 c5 2. Nf3 e6 3. d4 cxd4 4. Nxd4 Nc6 5. Nb5 d6 6. c4 Nf6 7. N1c3 a6 8. Na3 Be7 9. Be2 O-O 10. O-O b6 11. Be3 Ne5 12. f3 Bb7 13. Qb3 Ned7 14. Rfd1 Qc7 15. Rac1 Rac8 16. Kh1 {B44: Sicilian: Taimanov: 5 Nb5} Rfe8 17. Bf1 Bf8 {LiveBook: 4 Games} (17... Qb8 18. Bg1 h6 19. Nab1 Bc6 20. a3 a5 21. Nd2 Nc5 22. Qa2 a4 23. b4 axb3 24. Nxb3 Nxb3 25. Qxb3 {½-½ (39) Magem Badals,J (2500)-Almasi,Z (2668) Sabadell 2008}) 18. Qc2 {The position is equal.} Qb8 19. Qf2 d5 $146 ({Predecessor:} 19... Ba8 20. Be2 {0-1 (60) Viterbo Ferreira,J (1902)-Dimitrov,V (2471) Figueira da Foz 2007}) 20. cxd5 exd5 21. Nxd5 Nxd5 22. Rxc8 Rxc8 23. exd5 b5 24. Bd3 Nf6 25. Qh4 {Strongly threatening Bf4.} Qd6 26. Bf5 Rd8 27. Bf4 Qb6 28. Be5 h6 29. d6 (29. Bxf6 $11 Qxf6 30. Qxf6 gxf6 31. Be4) 29... Qe3 $2 (29... Bxd6 $15 {stays ahead.} 30. Bxf6 Be7 31. Rxd8+ Qxd8) 30. Bxf6 gxf6 31. d7 (31. Qxf6 $2 Rxd6 $1 {[%mdl 512]} 32. Bh7+ Kxh7 $19) 31... Bc5 (31... Qg5 $16 {keeps fighting.} 32. Qh3 Bxa3) 32. Re1 Qxf3 {[%csl Gb7][%cal Rf3g2]} 33. Bh3 $1 $36 {[%mdl 2048] White is on the roll.} Qc6 $2 ({Don't go for} 33... Qf2 $2 34. Re8+ Kh7 35. Qxf2 $18) (33... Qd3 $16) 34. Qg3+ ({Don't play} 34. Qxh6 Bb4 $18) 34... Kf8 {[#]} 35. Qf4 $1 f5 $2 (35... Kg7 36. Nc2 h5) 36. Qe5 $18 {[%cal Re5h8]} f6 37. Qxf5 Bb4 38. Rf1 {aiming for Qg6.} Be7 39. Nc2 Qe4 {If Black can now play ...Qxf5 this consolidates a bit.} 40. Qf2 Qd3 {Threatens to win with ...Qxh3.} 41. Bf5 Be4 42. Bxe4 Qxe4 43. Qd2 {Hoping for Ne3.} Kf7 44. Re1 Qf5 45. Rd1 ({Worse is} 45. Qxh6 Qxc2 46. Qh3 Qc5 $11) 45... Bc5 46. h3 h5 $2 {[#]} (46... Bb6 $16 47. Nb4 Ba5) 47. Qd5+ $1 Qxd5 48. Rxd5 {[%mdl 4096] Endgame KRB-KRN} Bb6 49. Nd4 Bxd4 50. Rxd4 {KR-KR} Ke6 (50... Ke7 $142 51. Kh2 b4 52. Rxb4 Rxd7) 51. Kh2 h4 $2 (51... Ke5 52. Rd3 h4) 52. g3 {White is clearly winning.} Ke5 53. Rd1 hxg3+ 54. Kxg3 Ke4 55. Kg4 b4 56. h4 {Precision: White = 63%, Black = 29%.} 1-0

[Event "54th Rubinstein Memorial-A 2018"]
[Site "Polanica-Zdroj"]
[Date "2018.08.21"]
[Round "4"]
[White "Djuric, Stefan"]
[Black "Sabuk, Piotr"]
[Result "1/2-1/2"]
[WhiteElo "2352"]
[BlackElo "2377"]
[Annotator "NA"]
[PlyCount "120"]
[EventDate "2018.08.18"]
[EventType "swiss"]
[EventCountry "POL"]
[SourceTitle "playchess.com"]
[Source "ChessBase"]
[SourceQuality "1"]
[TimeControl "40/5400+30:1800+30"]

1. d4 {[%emt 0:09:51]} Nf6 {[%emt 0:00:00]} 2. c4 {[%emt 0:00:13]} e6 {[%emt 0:00:00]} 3. Nf3 {[%emt 0:00:19]} d5 {[%emt 0:00:25]} 4. Nc3 {[%emt 0:00:56]} c5 {[%emt 0:00:19]} 5. cxd5 {[%emt 0:00:27]} Nxd5 {[%emt 0:00:24]} 6. e3 {[%emt 0:03:46]} cxd4 {[%emt 0:00:39]} 7. exd4 {[%emt 0:00:12]} Nxc3 {[%emt 0:00:32]} 8. bxc3 {[%emt 0:00:14]} Qc7 {[%emt 0:00:13]} 9. Bb5+ {[%emt 0:05:08]} Nd7 {[%emt 0:08:11]} 10. O-O {[%emt 0:00:37]} Bd6 {[%emt 0:03:46]} 11. c4 {[%emt 0:18:51]} O-O {[%emt 0:14:03]} 12. c5 $14 {[%emt 0:01:02]} Be7 {[%emt 0:05:22]} 13. Re1 {[%emt 0:02:28]} Rd8 {[%emt 0:03:15]} 14. Bd2 {[%emt 0:07:16]} Nf6 {[%emt 0:12:17]} 15. Qa4 {[%emt 0:11:22]} Bd7 {[%emt 0:08:17]} 16. Bxd7 {[%emt 0:03:20]} Qxd7 {[%emt 0:02:17]} 17. Qxd7 {[%emt 0:00:31]} Rxd7 {[%emt 0:12:43]} 18. Rab1 {[%emt 0:05:52]} h6 {[%emt 0:01:44]} 19. h3 {[%emt 0:03:12]} b6 {[%emt 0:06:37]} 20. Rec1 {[%emt 0:00:47]} Nd5 {[%emt 0:00:59]} 21. a4 {[%emt 0:04:53]} Rc7 {[%emt 0:00:50]} 22. cxb6 {[%emt 0:01:49]} Rxc1+ {[%emt 0:00:22]} 23. Rxc1 {[%emt 0:00:12]} axb6 {[%emt 0:00:56]} 24. Rc4 {[%emt 0:00:51]} f6 {[%emt 0:02:03]} 25. Kf1 {[%emt 0:02:03]} Kf7 {[%emt 0:00:06]} 26. Ke2 {[%emt 0:02:10]} Bb4 {[%emt 0:01:55]} 27. Ne1 {[%emt 0:05:22]} Bd6 {[%emt 0:06:23]} 28. Nd3 {[%emt 0:01:14]} g5 {[%emt 0:01:39]} 29. Kd1 {[%emt 0:00:39]} h5 {[%emt 0:01:10]} 30. Kc2 {[%emt 0:02:29]} h4 {[%emt 0:04:25]} 31. Kb3 {[%emt 0:00:16]} Rh8 {[%emt 0:02:50]} 32. f3 {[%emt 0:00:46]} Ke7 {[%emt 0:00:44]} 33. Nf2 {[%emt 0:02:34]} Kd7 {[%emt 0:00:17]} 34. Ne4 {[%emt 0:00:27]} Bf4 {[%emt 0:00:34]} 35. Rc2 {[%emt 0:03:01]} Rg8 {[%emt 0:00:36]} 36. Nc3 {[%emt 0:00:42]} Bxd2 {[%emt 0:00:23]} 37. Nxd5 {[%emt 0:00:23]} exd5 {[%emt 0:00:05]} 38. Rxd2 {[%emt 0:00:11]} Re8 {[%emt 0:00:12]} 39. Kb4 {[%emt 0:01:20]} Re1 {[%emt 0:00:37]} 40. Rb2 {[%emt 0:00:00]} Kc6 {[%emt 0:00:00]} 41. Rc2+ {[%emt 0:02:06]} Kd6 {[%emt 0:06:56]} 42. Rb2 {[%emt 0:03:38]} Kc6 {[%emt 0:02:25]} 43. a5 {[%emt 0:01:04]} bxa5+ {[%emt 0:02:38]} 44. Kxa5 {[%emt 0:00:11]} Ra1+ {[%emt 0:00:35]} 45. Kb4 {[%emt 0:00:02]} Rc1 {[%emt 0:00:33]} 46. Ka5 {[%emt 0:04:57]} Kd7 {[%emt 0:05:00]} 47. Rb7+ {[%emt 0:09:45]} Ke6 {[%emt 0:00:08]} 48. Rb6+ {[%emt 0:00:04]} Kf5 {[%emt 0:02:56]} 49. Rd6 {[%emt 0:01:04]} Rc2 {[%emt 0:01:29]} 50. Rxd5+ {[%emt 0:01:54]} Kf4 {[%emt 0:00:37]} 51. Rc5 {[%emt 0:07:46]} Rxg2 {[%emt 0:02:55]} 52. Kb6 {[%emt 0:00:29]} Kxf3 {[%emt 0:04:52]} 53. d5 {[%emt 0:00:19]} g4 {[%emt 0:02:17]} 54. Rc3+ {[%emt 0:01:46]} Ke4 {[%emt 0:00:36]} 55. d6 {[%emt 0:00:33]} g3 {[%emt 0:02:10]} 56. Kc7 {[%emt 0:03:51]} Rd2 {[%emt 0:00:17]} 57. Rc4+ {[%emt 0:00:14]} Ke5 {[%emt 0:01:39]} 58. d7 {[%emt 0:00:26]} f5 {[%emt 0:00:44]} 59. Rc5+ {[%emt 0:00:44]} Ke4 {[%emt 0:00:47]} 60. Rc4+ {[%emt 0:00:38]} Kd5 1/2-1/2

[Event "54th Rubinstein Memorial-A 2018"]
[Site "Polanica-Zdroj"]
[Date "2018.08.21"]
[Round "4"]
[White "Nowak, Kamil"]
[Black "Walkusz, Witoslaw"]
[Result "1/2-1/2"]
[WhiteElo "2313"]
[BlackElo "2121"]
[Annotator "TA"]
[PlyCount "61"]
[EventDate "2018.08.18"]
[EventType "swiss"]
[EventCountry "POL"]
[SourceTitle "playchess.com"]
[Source "ChessBase"]
[SourceQuality "1"]

{[%evp 14,61,45,41,47,-13,36,25,27,0,31,0,6,-20,-8,-8,-9,-14,-8,-8,-7,-1,0,0,0,0,0,0,0,0,0,0,0,0,0,0,0,0,0,0,0,0,0,0,0,0,0,0,0,0]} 1. d4 Nf6 2. c4 g6 3. Nc3 d5 4. cxd5 Nxd5 5. Na4 Bg7 6. e4 Nb6 7. Be3 Nxa4 {D85: Exchange Grünfeld: Unusual White 7th moves and lines with 7 Nf3} (7... O-O 8. Nf3 Bg4 9. Nc5 Qc8 10. h3 Bxf3 11. Qxf3 Nc6 12. e5 Nb4 13. O-O-O Nxa2+ 14. Kb1 Nb4 15. Bd2 a5 16. h4 Rd8 17. Bg5 {0-1 (36) Paravyan,D (2528)-Artemiev,V (2663) Sochi 2016}) 8. Qxa4+ {LiveBook: 5 Games} Bd7 9. Qb3 (9. Qc2 $14) 9... Nc6 10. Nf3 ({Not} 10. Qxb7 Rb8 $17) 10... O-O 11. h3 $146 ({Predecessor:} 11. Be2 e5 12. Rd1 exd4 13. Nxd4 Nxd4 14. Bxd4 Bxd4 15. Rxd4 {½-½ (31) Tunik,S (2072)-Enhbat,C (2265) Abaza 2012}) 11... b6 12. Be2 e5 $1 {The position is equal.} 13. Rd1 (13. dxe5 {looks sharper.} Qe8 14. Bf4 Nxe5 15. Nxe5 Bxe5 16. Bh6) 13... Nxd4 14. Nxd4 exd4 15. Bxd4 Bxd4 16. Rxd4 c5 17. Rd2 {[#] Strongly threatening Qd1.} Qe7 18. O-O Be6 19. Qe3 Rfd8 20. Rfd1 Rxd2 21. Rxd2 Rd8 22. b3 Rxd2 23. Qxd2 Qd7 24. Qxd7 Bxd7 $11 {[%mdl 4096] Endgame KB-KB} 25. f4 Bc6 26. Bd3 b5 27. Kf2 f6 28. Ke3 Kf7 29. g3 h6 30. h4 Ke6 31. Be2 {Precision: White = 51%, Black = 71%.} 1/2-1/2

[Event "54th Rubinstein Memorial-A 2018"]
[Site "Polanica-Zdroj"]
[Date "2018.08.21"]
[Round "4"]
[White "Reza, Wojciech"]
[Black "Lewtak, Damian"]
[Result "0-1"]
[WhiteElo "2303"]
[BlackElo "2369"]
[Annotator "TA"]
[PlyCount "52"]
[EventDate "2018.08.18"]
[EventType "swiss"]
[EventCountry "POL"]
[SourceTitle "playchess.com"]
[Source "ChessBase"]
[SourceQuality "1"]

{[%evp 13,52,7,22,13,24,24,24,-1,69,72,72,79,108,108,108,69,72,52,66,66,65,72,154,145,218,212,186,110,103,73,63,14,7,-99,-21,-40,0,-1132,-1147,-3329,-485]} 1. e4 c5 2. Nf3 e6 3. b3 b6 4. Bd3 Bb7 5. O-O Ne7 6. Re1 {B40: Sizilianisch (Klassisches System mit e7-e6)} Ng6 7. Bb2 Nc6 {LiveBook: 8 Partien} 8. Bb5 $146 {Die Stellung ist ausgeglichen.} ({Vorgänger:} 8. Na3 Nd4 9. Nc4 Nxf3+ 10. Qxf3 Qc7 11. a4 Be7 {½-½ (108) Carlsen,M (2826)-Polgar,J (2682) Kristiansund 2010}) 8... Nh4 9. c3 {[%cal Bc2c3,Bc3c4][%mdl 32]} a6 10. Bf1 g6 (10... Nxf3+ $11 11. Qxf3 Be7) 11. Nxh4 $1 $14 Qxh4 12. Na3 b5 13. c4 Nd4 14. Nc2 Bg7 15. Nxd4 cxd4 16. cxb5 axb5 17. Bxb5 Qg5 ({Besser ist} 17... O-O) 18. a4 $16 f5 (18... O-O $16 19. Ba3 (19. Bxd7 Bxe4 20. Rxe4 Qd5 $16) 19... Rfb8) 19. d3 $18 O-O 20. Qc1 (20. Bxd7 $18 Qe7 21. Bb5) 20... Qh4 $16 {[%cal Rf5e4]} 21. g3 Qh3 {...fxe4 ist eine echte Drohung.} 22. f4 g5 {Weiss muss nun ...fxe4 beachten.} 23. Ba3 {[#]} ({Bitte nicht} 23. fxg5 f4 $17) (23. Bxd7 $11 fxe4 24. Qc4 (24. dxe4 gxf4 25. Qc4 Bc8 $15)) 23... fxe4 (23... Rf7 $1 $17 {zielt auf ...Tc8 ab.} 24. Bd6 (24. fxg5 fxe4 25. Rf1 e3 $15) 24... Rc8) 24. dxe4 $11 ({Nur nicht} 24. Bxf8 $2 e3 $19) 24... d3 {Und weiter mit ...Ld4+ wäre nett.} 25. Bxf8 $4 {[%mdl 8192]} (25. Bb2 $11 Rac8 26. Bc4 gxf4 27. Bxg7) 25... Bd4+ $19 26. Re3 gxf4 {Precision: Weiß = 50%, Schwarz = 38%.} (26... Rc8 $142 27. Bc4 Bxe4) 0-1

[Event "54th Rubinstein Memorial-A 2018"]
[Site "Polanica-Zdroj"]
[Date "2018.08.21"]
[Round "4"]
[White "Cherepov, Alexej"]
[Black "Klepek, Witold"]
[Result "1/2-1/2"]
[WhiteElo "2245"]
[BlackElo "2139"]
[Annotator "TA"]
[PlyCount "62"]
[EventDate "2018.08.18"]
[EventType "swiss"]
[EventCountry "POL"]
[SourceTitle "playchess.com"]
[Source "ChessBase"]
[SourceQuality "1"]

{[%evp 16,62,21,14,25,21,23,19,25,32,14,14,15,13,48,52,52,45,41,12,37,0,0,0,0,0,18,1,6,6,6,0,38,20,37,38,45,44,48,0,0,0,0,0,0,0,18,0,4]} 1. d4 Nf6 2. Nf3 e6 3. c4 d5 4. g3 Bb4+ 5. Bd2 Bd6 6. Bg2 c6 7. Qc2 O-O 8. O-O {D30: Queen's Gambit Declined: Systems without Nc3} Nbd7 9. Bg5 {LiveBook: 93 Games} (9. Rd1 Ne4 10. Ne1 Nxd2 11. Nxd2 f5 12. Nd3 Nf6 {0-1 (42) Xiong,J (2634)-Caruana,F (2811) chess.com INT 2018}) 9... Qe7 10. Nbd2 {White has an edge.} h6 11. Bxf6 Nxf6 12. e4 dxe4 13. Nxe4 Nxe4 14. Qxe4 Bd7 {[%cal Bc8d7,Bd7e8,Be8h5][%mdl 32]} 15. c5 $146 Bc7 16. b4 Rfd8 17. Ne5 Be8 18. Qe3 a5 19. a3 f6 20. Nf3 Bh5 21. Rfe1 axb4 22. axb4 Rxa1 23. Rxa1 e5 24. Re1 Bxf3 25. Bxf3 Kf8 26. dxe5 Qxe5 27. b5 (27. Qc1 $5 {[%cal Re1e5]} Qf5 28. Kg2 $14) 27... Qxe3 {The position is equal.} 28. Rxe3 Be5 29. bxc6 bxc6 30. Bxc6 Rc8 31. Bf3 Bd4 {Precision: White = 64%, Black = 44%.} 1/2-1/2

[Event "54th Rubinstein Memorial-A 2018"]
[Site "Polanica-Zdroj"]
[Date "2018.08.21"]
[Round "4"]
[White "Kumala, Aleksander"]
[Black "Domanski, Lukasz"]
[Result "1-0"]
[WhiteElo "2238"]
[BlackElo "2094"]
[Annotator "TA"]
[PlyCount "41"]
[EventDate "2018.08.18"]
[EventType "swiss"]
[EventCountry "POL"]
[SourceTitle "playchess.com"]
[Source "ChessBase"]
[SourceQuality "1"]

{[%evp 15,41,59,65,0,0,-79,-48,-62,-23,-47,58,58,66,2,0,-75,-75,-70,216,212,248,254,507,505,515,331,333,319]} 1. d4 d5 2. Bf4 g6 3. e3 Bg7 4. Nf3 Nf6 5. h3 c5 6. c3 Nc6 {D02: Damenbauernspiele} 7. Nbd2 O-O 8. dxc5 (8. Be2 Nd7 9. O-O e5 10. dxe5 Ndxe5 11. Nxe5 Nxe5 12. Nf3 Nc6 13. Qb3 c4 14. Qa3 Be6 15. Rfd1 {½-½ (41) Dubov,D (2677)-Mamedyarov,S (2791) Sochi 2017}) 8... a5 {[%cal Ba7a5,Ba5a4,Ba4a3][%mdl 32] LiveBook: 6 Partien. Weiß steht etwas besser.} 9. Bb5 ({Günstiger ist} 9. a4 $14) 9... Nd7 $11 10. Nb3 {[#]} (10. O-O $11 {hält das Gleichgewicht.}) 10... a4 $1 $17 {[%cal Ra4b3]} 11. Nbd4 Qa5 $146 {Droht ...Sxd4 und aus.} ({Vorgänger:} 11... Nxc5 12. Nxc6 bxc6 13. Bxc6 {0-1 (40) Sukandar,I (2384)-Buksa,N (2385) Riadh 2017}) 12. Nxc6 Qxb5 (12... bxc6 $15 13. Bxc6 Ra6 14. Bxd5 (14. Qxd5 $2 Nf6 $19) 14... Qxc5) 13. Nxe7+ $14 Kh8 14. Nxd5 ({Ein No Go ist} 14. Qxd5 a3 $11) ({Lieber} 14. Qe2 $14 Qxc5 15. Nxc8 Rfxc8 16. Rb1) 14... Nxc5 $11 15. Nb4 {[#]} (15. c4 $1 $11 Qxc4 16. Ne5) 15... a3 $1 $17 {[%cal Ra3b2]} 16. Nd4 Bxd4 $4 {[%mdl 8192]} (16... Qc4 $15 {behält die Oberhand.} 17. Qc2 axb2 18. Qxb2 Re8) 17. Qxd4+ $18 Kg8 18. b3 ({Auf keinen Fall} 18. Bh6 $6 Ne6 $16) 18... Bf5 $2 (18... Ra5 19. O-O-O Ne6) 19. Bd6 Ne6 20. Qd5 Qxd5 21. Nxd5 1-0